Catalog

Record Details

Catalog Search



Sen starého muže  Cover Image Book Book

Sen starého muže / John Henry Newman ; [z angl.] přel. Vojtěška Mazálková ; ilustr. Sabina Kratochvilová

Record details

  • ISBN: 80-85319-13-6
  • Physical Description: 78 s. : obr. ; 17 cm
  • Publisher: Brno : Cesta, 1991

Content descriptions

General Note:
Ilustr. tit. dvoulist
Ediční pozn.

Available copies

  • 1 of 1 copy available at Common Catalog SPOK.

Holds

  • 0 current holds with 1 total copy.
Show Only Available Copies
Location Call Number / Copy Notes Barcode Shelving Location Status Due Date
KDS Library 830 NeJ 204576801780 Library Available -

LDR 00899nam a2200289 4500
00121427
003CZ-PrJAB
00520150714102049.0
007tu
008911119s1991 xr a u0|0 cze
015 . ‡acnb000063493
020 . ‡a80-85319-13-6 ‡q(brož.)
035 . ‡a(CZ PrNK)ck9105426
035 . ‡a(OCoLC)39595351
040 . ‡aABA001 ‡bcze ‡dABA001
0411 . ‡acze ‡heng
080 . ‡a820-1 ‡2undef
1001 . ‡aNewman, John Henry, ‡d1801-1890 ‡7jn20000604175 ‡4aut
24510. ‡aSen starého muže / ‡cJohn Henry Newman ; [z angl.] přel. Vojtěška Mazálková ; ilustr. Sabina Kratochvilová
260 . ‡aBrno : ‡bCesta, ‡c1991 ‡e(Blansko : ‡fPrint)
300 . ‡a78 s. : ‡bobr. ; ‡c17 cm
500 . ‡aIlustr. tit. dvoulist
500 . ‡aEdiční pozn.
7001 . ‡aMazálková, Vojtěška ‡4trl
7001 . ‡aKratochvilová, Sabina, ‡d1959- ‡7kpwa6489 ‡4ill
910 . ‡aABE463
998 . ‡a000063493
901 . ‡a21427 ‡b ‡c21427 ‡tbiblio

Additional Resources